000 00484nam a22001697a 4500
999 _c1731
_d1731
003 SLTCLib
008 251202b ce ||||| |||| 00| 0 eng d
020 _a0471595357
041 _aEnglish
082 _a658.152
_bGRE
100 _aGreenfield, James M
_93181
245 _aFund-Raising Fundamentals
_bA Guide to Annual Giving for Professionals and Volunteers
260 _aNew York
_bJohn Wiley and Sons
_c1994
300 _a407p.
650 0 _93180
_aFund raising
942 _2ddc
_cMLN
945 _a3725
_bIshara wickramage
_c3725
_dIshara wickramage